7000 mutiara kata / (Record no. 396)

000 -LEADER
fixed length control field nam a22 a 4500
003 - CONTROL NUMBER IDENTIFIER
control field AKMAL
005 - DATE AND TIME OF LATEST TRANSACTION
control field 20170503154722.0
008 - FIXED-LENGTH DATA ELEMENTS--GENERAL INFORMATION
fixed length control field 170503s2006 my | e | 000 0 may d
020 ## - INTERNATIONAL STANDARD BOOK NUMBER
International Standard Book Number 9789833376223 (kkt.) :
Terms of availability RM28.00
040 ## - CATALOGING SOURCE
Original cataloging agency AKMAL
082 04 - DEWEY DECIMAL CLASSIFICATION NUMBER
Classification number 080 JEN
Edition number 22
090 00 - LOCALLY ASSIGNED LC-TYPE CALL NUMBER (OCLC); LOCAL CALL NUMBER (RLIN)
Classification number (OCLC) (R) ; Classification number, CALL (RLIN) (NR) 080
Local cutter number (OCLC) ; Book number/undivided call number, CALL (RLIN) JEN
100 0# - MAIN ENTRY--PERSONAL NAME
Personal name Jeniri Amir,
Dates associated with a name 1959-
9 (RLIN) 901
245 10 - TITLE STATEMENT
Title 7000 mutiara kata /
Statement of responsibility, etc. Jeniri Amir
246 3# - VARYING FORM OF TITLE
Title proper/short title Tujuh ribu mutiara kata
260 ## - PUBLICATION, DISTRIBUTION, ETC.
Place of publication, distribution, etc. Kuala Lumpur :
Name of publisher, distributor, etc. PTS Professional Pub.,
Date of publication, distribution, etc. 2006
300 ## - PHYSICAL DESCRIPTION
Extent 364ms. ;
Dimensions 21cm.
520 ## - SUMMARY, ETC.
Summary, etc. Buku ni mengandungi koleksi lengkap 7000 mutiara kata sebagai panduan dalam kehidupan
650 10 - SUBJECT ADDED ENTRY--TOPICAL TERM
Topical term or geographic name entry element Quotations, Malay
9 (RLIN) 902
650 20 - SUBJECT ADDED ENTRY--TOPICAL TERM
Topical term or geographic name entry element Conduct of life
Form subdivision Quotations, maxims, etc.
9 (RLIN) 903
942 ## - ADDED ENTRY ELEMENTS (KOHA)
Source of classification or shelving scheme
Koha item type Book
950 ## - LOCAL HOLDINGS (RLIN)
Permanent shelving location, LOC (RLIN) AKMAL
Holdings
Withdrawn status Lost status Source of classification or shelving scheme Damaged status Not for loan Collection code Home library Current library Shelving location Date acquired Inventory number Total Checkouts Full call number Barcode Date last seen Price effective from Koha item type Checked out Date last checked out
          NON-FICTION AKMAL Melaka AKMAL Melaka PINJAMAN 03.05.2017 000690   080 JEN 201701269 03.05.2017 03.05.2017 Book    
          NON-FICTION AKMAL Melaka AKMAL Melaka PINJAMAN 03.05.2017 000691 1 080 JEN 201701262 13.04.2026 03.05.2017 Book 13.05.2026 13.04.2026
Pusat Sumber Maklumat Dato' Haji Sarmin Md Hussin, Akademi Kastam Diraja Malaysia, Melaka
Tel: 06-2331106 | Faks: 06-2313787